000 00783nam a22002417a 4500
999 _c27
_d27
003 AR-CdUCM
008 190220b ||||| |||| 00| 0 eng d
020 _a9789588596259
040 _aMUNICIPALIDAD PROVINCIAL DEL CUSCO
_cBIBLIOTECA MUNICIPAL DEL CUSCO
082 _a860 /
_bJ53
100 _aJiménez Quenguan, Miriam
_9138
245 _aTransitar :
_b(Antología personal) /
260 _aColombia :
_bCaza de Libros,
_c2010.
300 _a72 páginas ;
_c21 cm.
505 _a Ejes Onirotelúricos - Sinfonía - Promesa - Aire - Radiaciones - Habitantes de la luz
650 _aPoesía.
_9139
650 _aColombia.
_9140
650 _a50 poetas colombianos.
_9141
650 _aAntología.
_9142
650 _aMujer.
_9143
942 _2ddc
_cLIBROS
945 _admma
_d2019-02-20